Las más bellas leyendas de la Antigüedad clásica
Saved in:
| Hovedforfatter: | |
|---|---|
| Format: | Bog |
| Sprog: | spansk |
| Udgivet: |
Barcelona
Labor
1953
|
| Udgivelse: | 1a. ed |
| Serier: | Colección de obras eternas
|
| Fag: | |
| Tags: |
Tilføj Tag
Ingen Tags, Vær først til at tagge denne postø!
|
MARC
| LEADER | 00000nam a2200000 a 4500 | ||
|---|---|---|---|
| 001 | UCH6436 | ||
| 003 | CL-VaPUC | ||
| 008 | 091109e19530000SP |||||||||||||||||spa|d | ||
| 082 | 0 | 4 | |a 292 |b SCH |2 21 |
| 100 | 0 | |a Schwab, Gustav |e author |9 542944 | |
| 245 | 1 | 4 | |a Las más bellas leyendas de la Antigüedad clásica |
| 250 | |a 1a. ed | ||
| 300 | |a 792 p | ||
| 942 | |c BK | ||
| 945 | |d 20091109 00:00:00 |a ccalabra | ||
| 260 | |a Barcelona |b Labor |c 1953 | ||
| 650 | 0 | |a Civilización griega |9 265578 | |
| 650 | 7 | |a CULTURA GRIEGA |2 CL-VaPUC |9 265580 | |
| 650 | 0 | |a Mitología griega |9 265313 | |
| 650 | 0 | |a Filosofía griega |9 265579 | |
| 650 | 7 | |a COSTUMBRES Y TRADICCIONES |2 CL-VaPUC |9 542438 | |
| 651 | 0 | |a Grecia |9 265314 | |
| 583 | |a last modification |c 20091109 00:00:00 |k Rodrigo Vera | ||
| 490 | 0 | |a Colección de obras eternas | |
| 999 | |c 337320 |d 337318 | ||